000 00540nam a2200193Ia 4500
005 20250326143032.0
008 250326s9999 xx 000 0 und d
020 _a0-12-673370-8
037 _aTextbook
040 _aFMSL
_beng
_cFMSL
041 _aeng
_2eng
084 _aX:8 M6
_qFMSL
100 _aStreufert S
_990691
245 0 _aComplexity, managers, and organizations
_cStreufert S; Swezey R W
260 _aNew York
_bNew York, Academic
_c1986
300 _a260p
942 _cTB
_hX:8 M6
999 _c1297812
_d1297812